Normal view
MARC view
Entry Personal Name
001 - CONTROL NUMBER
- control field: 26428
003 - CONTROL NUMBER IDENTIFIER
- control field: Doon University
005 - DATE AND TIME OF LATEST TRANSACTION
- control field: 20260226125935.0
008 - FIXED-LENGTH DATA ELEMENTS
- fixed length control field: 260226|| aca||aabn | a|a d
040 ## - CATALOGING SOURCE
- Original cataloging agency: Doon University
- Transcribing agency: Doon University
100 ## - HEADING--PERSONAL NAME
- Personal name: Prasann, Kumar
670 ## - SOURCE DATA FOUND
- Source citation: Work cat.: (Doon University)60471: Prasann, Kumar, Scientific Writing and Research Quality, 2025